000 00358nam a2200133Ia 4500
008 220217s9999 xx 000 0 und d
100 _aPonnamma, M.M.
245 0 _aChemical studies of effluents from rubber industry
260 _bUniversity of Bombay
_a Bombay
_c1995
300 _a262
500 _aCourse: Ph. D
700 _aDr SS Dhaktode
942 _cTS
999 _c74633
_d74633